Notre littérature d´aujourd`hui

Αποθηκεύτηκε σε:
Λεπτομέρειες βιβλιογραφικής εγγραφής
Κύριος συγγραφέας: Chaigne, Louis
Μορφή: Βιβλίο
Γλώσσα:French
Έκδοση: París, Francia J. de Gigord [s.f.]
Θέματα:
Ετικέτες: Προσθήκη ετικέτας
Δεν υπάρχουν, Καταχωρήστε ετικέτα πρώτοι!

MARC

LEADER 00000nam a2200000Ia 4500
008 170316s9999 xx 000 0 fre d
040 |a cru BVZT 
090 |a 818 C-9n 
100 |a Chaigne, Louis 
245 |a Notre littérature d´aujourd`hui 
260 |a París, Francia 
260 |b J. de Gigord 
260 |c [s.f.] 
300 |a 131 páginas 
650 |a LITERATURA CANADIENSE 
999 |c 6402  |d 6402 
942 |c 15 D  |h 818 C-9n  |2 z